Sports Quiz

Random Sports or Football Quiz

150 Most Capped England Players Quiz Stats

 Plays Quiz Updated Nov 12, 2018

Challenge
Share
Tweet
Embed
Score 0/150 Timer 20:00
1 Play Today
Caps Player % Correct
115David Beckham
93.8%
106Frank Lampard
89.7%
119Wayne Rooney
89.5%
114Steven Gerrard
89.4%
107Ashley Cole
89.2%
56Joe Cole
88.8%
78John Terry
85.1%
81Rio Ferdinand
84.3%
89Michael Owen
81.9%
106Bobby Charlton
81.5%
35Jack Charlton
80.7%
68Joe Hart
80.1%
63Alan Shearer
80%
85Gary Neville
79.9%
59Phil Neville
79.9%
125Peter Shilton
79.8%
75David Seaman
78.7%
66Paul Scholes
77.5%
108Bobby Moore
75%
80Gary Lineker
71.6%
33Ian Wright
70.5%
105Billy Wright
70.4%
45Mark Wright
70.2%
53David James
69.4%
66Tony Adams
67.9%
62Emile Heskey
66.1%
51Teddy Sheringham
65.5%
54Glen Johnson
65.3%
42Peter Crouch
64.3%
57Paul Gascoigne
64.1%
49Geoff Hurst
62.7%
73Gordon Banks
62.1%
52Gary Cahill
61.1%
73Sol Campbell
60.8%
54Jermain Defoe
59.8%
47Theo Walcott
58.2%
90Bryan Robson
58.2%
41Paul Robinson
57.6%
57Jimmy Greaves
57.5%
39Nicky Butt
56.2%
53Paul Ince
55.8%
26Robbie Fowler
55.7%
60James Milner
54.9%
79John Barnes
53.7%
22Peter Barnes
53.2%
78Stuart Pearce
53.1%
52Gareth Barry
52.3%
43Martin Keown
51.2%
30Leighton John Baines
49.3%
22Lee Dixon
49.1%
Caps Player % Correct
38Jamie Carragher
48.7%
72Alan Ball
48.7%
63Kevin Keegan
48.6%
59Des Walker
48.5%
37Steve McManaman
48.3%
34Michael Carrick
47.8%
53Glenn Hoddle
47.3%
62Chris Waddle
46.6%
57Gareth Southgate
46.4%
30Ashley Young
46%
77Terry Butcher
46%
67Martin Peters
45.9%
40Phil Jagielka
45.5%
59Peter Beardsley
45%
62David Platt
44.6%
28Nobby Stiles
44.2%
54Stanley Matthews
43.7%
30Darren Anderton
42.8%
42Owen Hargreaves
41.8%
42David Batty
41.6%
23Wes Brown
39.1%
61Ray Clemence
38.4%
84Ray Wilkins
38.1%
34Danny Welbeck
37.9%
62Emlyn Hughes
37.8%
34Roger Hunt
37.7%
36Shaun Wright-Phillips
37.6%
36Graeme Le Saux
37.1%
37George Cohen
36.4%
42Mick Mills
35.7%
22Gary Pallister
35.7%
63Ray Wilson
34.9%
35Stewart Downing
33.9%
27Francis Lee
33.7%
34Jack Wilshere
32.9%
36Trevor Steven
32.7%
86Kenny Sansom
32.5%
42Phil Thompson
31.4%
30Viv Anderson
31.4%
26Joleon Lescott
31.1%
36Wayne Bridge
30.9%
76Tom Finney
30.7%
52Trevor Francis
29.7%
43Chris Woods
29.6%
23Nigel Martyn
29.1%
47Trevor Brooking
28.9%
46Gary Stevens
28.7%
49Ron Flowers
27.2%
33Kieron Dyer
26.5%
22Darius Vassell
25.4%
Caps Player % Correct
33Nat Lofthouse
25.4%
23Nicky Barmby
25.1%
50Phil Neal
24.4%
65David Watson
24.2%
21Cliff Bastin, Sam Hardy...
23.9%
48Colin Bell
23.7%
28Norman Hunter
22.7%
32Alf Ramsey
21.2%
35Paul Mariner
20.2%
24Bert Williams
20.1%
24Steve Hodge
19.5%
26Neil Webb
18.9%
32Mark Hateley
18.6%
42Steve Coppell
18.3%
46Mick Channon
18.2%
35Alan Mullery
17.9%
42Tony Woodcock
17.9%
25Stan Mortensen
16.9%
43Jimmy Armfield
16.6%
25Terry McDermott
16.2%
56Johnny Haynes
15.7%
24Martin Chivers
14.4%
27Colin Todd
12.1%
27Trevor Cherry
12%
24Paul Madeley
11.7%
26Brian Labone
11.6%
33Ron Springett
11.5%
23Don Howe
10.7%
28Roy McFarland
10.6%
33Roger Byrne
10.4%
27Keith Newton
10.3%
23Tommy Lawton
10.3%
26Wilf Mannion
9.9%
23Steve Bloomer
9.8%
48James Dickinson
9.7%
23Viv Woodward
8.2%
30Eddie Hapgood
8%
36Bryan Douglas
7.9%
26Sam Crooks
7.5%
23Maurice Norman
7.4%
41Bob Crompton
7.1%
35Ronnie Clayton
7%
23Gil Merrick
6.4%
27Neil Franklin
6.2%
25Harry Hibbs
6%
26Ernie Blenkinsop
6%
25Jesse Pennington
5.5%
26Billy Wedlock
5.2%
25Fred Goodall
5.1%
22Ben Warren
4.9%

You're not logged in!

Compare scores with friends on all Sporcle quizzes.
OR
Log In

You Might Also Like...

Show Comments

Extras

Top Quizzes Today


Score Distribution

Your Account Isn't Verified!

In order to create a playlist on Sporcle, you need to verify the email address you used during registration. Go to your Sporcle Settings to finish the process.

Report this User

Report this user for behavior that violates our Community Guidelines.

Details: